Lecture notes on mixed type partial differential equations

Đã lưu trong:
書目詳細資料
主要作者: John, M. Rassias
格式: 圖書
語言:Vietnamese
出版: World scientific 1990
標簽: 添加標簽
沒有標簽, 成為第一個標記此記錄!
Thư viện lưu trữ: Mạng thư viện Đại học Đà Nẵng
LEADER 00645nam a2200253 4500
001 000021486
003 17934
005 20150421160416.0
008 150421s1990 viesd
020 |c 00 
041 0 |a vie 
082 1 4 |a 515,35  |b JO-M 
100 1 |a John, M. Rassias 
245 1 0 |a Lecture notes on mixed type partial differential equations  |c M. Rassias John 
260 |b World scientific  |c 1990 
300 |a tr.  |c cm. 
OWN |a LSP 
999 |a From the UDN01 
TYP |a Monograph 
TYP |a Printed language 
980 |a Mạng thư viện Đại học Đà Nẵng